000 00249nam a22001217a 4500
008 170127b xxu||||| |||| 00| 0 eng d
041 _aeng
080 _a61
100 _a3
101 _aSHM
245 _aINTELEUKIN-6
_cSEHGAL, P.B
942 _2udc
_cBK
999 _c3919
_d3919